| 000 | 00645cam a22002293a 4500 | ||
|---|---|---|---|
| 001 | 26332 | ||
| 003 | PGUSA | ||
| 005 | 20140828083552.0 | ||
| 008 | 080816s2008||||xxu|||||s|||||000 1 eng d | ||
| 040 |
_aPGUSA _beng |
||
| 042 | _adc | ||
| 050 | 4 | _aPS | |
| 100 | 1 |
_aBone, Jesse F. _q(Jesse Franklin), _d1916-1986 |
|
| 245 | 1 | 2 |
_aA Prize for Edie _h[electronic resource] / _cJesse F. Bone |
| 260 |
_bProject Gutenberg, _c2008 |
||
| 506 | _aPublic domain in the USA. | ||
| 516 | _aElectronic text | ||
| 653 | _aScience fiction, American | ||
| 830 | 0 |
_aProject Gutenberg _v26332 |
|
| 856 | 4 | 0 | _uhttp://www.gutenberg.org/ebooks/26332 |
| 942 | _cEB | ||
| 999 |
_c255587 _d255587 |
||